00925cac a22002411u 4500008004100000010001500041020002800056020004400084020001800128082002100146100004000167245008100207250001200288260004800300300003500348504005100383650002300434700003000457700003100487942002400518999001500542952012600557081202s 2004xxui |r|||| 001 0 eng d a2003051307 a0072523514 (alk. paper) a0071214755 (international : alk. paper) a978007121475900a657.046bHOY222 aHoyle, Joe Ben. 9143210aAdvanced accounting /cJoe B. Hoyle, Thomas F. Schaefer, Timothy S. Doupnik. a7th ed. aBoston, Mass. :bMcGraw-Hill/Irwin,cc2004. axxii, 901 p. :bill. ;c29 cm. aIncludes bibliographical references and index. 0aAccounting.9335191 aSchaefer, Thomas F.914341 aDoupnik, Timothy S.933520 cBBk657.046HOY2ddc c1065d1065 00102ddc4070aMAINbMAINc1STd2006-08-20ePurchasel2m3o657.046 HOLp000003432r2025-07-15 00:00:00s2015-04-28yBB